Douglas Shed Seven Limited v Co-operative Wholesale Society Ltd (Record no. 106676)
[ view plain ]
| 000 -LEADER | |
|---|---|
| fixed length control field | 01076cam a2200193 4500 |
| 001 - CONTROL NUMBER | |
| control field | L137177 |
| 008 - FIXED-LENGTH DATA ELEMENTS--GENERAL INFORMATION | |
| fixed length control field | 070320s2007 xxk f 000 0 eng d |
| 035 ## - SYSTEM CONTROL NUMBER | |
| System control number | (Sirsi) u137177 |
| 041 0# - LANGUAGE CODE | |
| Language code of text/sound track or separate title | eng |
| 245 00 - TITLE STATEMENT | |
| Title | Douglas Shed Seven Limited v Co-operative Wholesale Society Ltd |
| Medium | [electronic resource] |
| 260 ## - PUBLICATION, DISTRIBUTION, ETC. | |
| Date of publication, distribution, etc. | 2007 |
| 520 ## - SUMMARY, ETC. | |
| Summary, etc. | [2007] CSOH 53, 9 March 2007. A property company sought damages against tenants in a retail development claiming the tenants broke an agreement to keep a store open. The retailers had claimed that the keep-open clause had been breached because of staff intimidation at the store. "Held" the claim was rejected by the judge who said the closure had devalued the shopping centre by 50%. |
| 590 ## - LOCAL NOTE (RLIN) | |
| Local note | KA |
| 650 24 - SUBJECT ADDED ENTRY--TOPICAL TERM | |
| Topical term or geographic name entry element | DOUGLAS SHELF SEVEN LTD V CO-OPERATIVE WHOLESALE SOCIETY LTD |
| 651 #4 - SUBJECT ADDED ENTRY--GEOGRAPHIC NAME | |
| Geographic name | Scotland |
| Chronological subdivision | 1999- |
| 690 ## - LOCAL SUBJECT ADDED ENTRY--TOPICAL TERM (OCLC, RLIN) | |
| Topical term or geographic name as entry element | PROPERTY-COMMERCIAL PROPERTY-COMMERCIAL LANDLORD AND TENANT-COMMERCIAL LEASES |
| 856 40 - ELECTRONIC LOCATION AND ACCESS | |
| Uniform Resource Identifier | <a href="https://www.scotcourts.gov.uk/opinions/2007CSOH53.html">https://www.scotcourts.gov.uk/opinions/2007CSOH53.html</a> |
| Public note | View the item free of charge at www.scotcourts.gov.uk... |
| 942 ## - ADDED ENTRY ELEMENTS (KOHA) | |
| Suppress in OPAC | 0 |
| Withdrawn status | Lost status | Source of classification or shelving scheme | Damaged status | Not for loan | Home library | Current library | Shelving location | Date acquired | Total Checkouts | Full call number | Barcode | Date last seen | Copy number | Price effective from | Koha item type |
|---|---|---|---|---|---|---|---|---|---|---|---|---|---|---|---|
| Dewey Decimal Classification | Virtual | Virtual | Online | 20/03/2007 | ONLINE PUBLICATION | 137177-1001 | 06/08/2019 | 1 | 06/08/2019 | Book |